Labor legislativa : (Registro nro. 6689)

Detalles MARC
000 -LEADER
fixed length control field 00846nam a22002057a 4500
003 - CONTROL NUMBER IDENTIFIER
control field OSt
005 - DATE AND TIME OF LATEST TRANSACTION
control field 20200515163341.0
008 - FIXED-LENGTH DATA ELEMENTS--GENERAL INFORMATION
fixed length control field 200515b2006 ck fr||||o00| 0 spa d
040 ## - CATALOGING SOURCE
Original cataloging agency CO-JMCR
Transcribing agency CO-JMCR
041 0# - LANGUAGE CODE
Language code of text/sound track or separate title spa
082 04 - DEWEY DECIMAL CLASSIFICATION NUMBER
Classification number 328.37 /
Item number C718l1
Edition number 23
110 1# - MAIN ENTRY--CORPORATE NAME
Corporate name or jurisdiction name as entry element Colombia.
Subordinate unit Senado de la República
9 (RLIN) 4415
245 10 - TITLE STATEMENT
Title Labor legislativa :
Remainder of title el congreso de la República de cara al país /
Statement of responsibility, etc. Senado de la República
250 ## - EDITION STATEMENT
Edition statement Quinta edición
260 ## - PUBLICATION, DISTRIBUTION, ETC.
Place of publication, distribution, etc. Bogotá :
Name of publisher, distributor, etc. Senado de la República,
Date of publication, distribution, etc. 2006
300 ## - PHYSICAL DESCRIPTION
Extent 333 páginas ;
Dimensions 28 cm.
505 0# - FORMATTED CONTENTS NOTE
Formatted contents note Proyectos de Ley radicados y tramitados -- Proyectos de actos legislativos radicados y tramitados -- Control político -- Leyes sancionadas del 20 de julio de 2005 al 20 de junio de 2006<br/>
650 14 - SUBJECT ADDED ENTRY--TOPICAL TERM
Topical term or geographic name entry element Senado de la República
General subdivision proyectos, leyes
Geographic subdivision Colombia
9 (RLIN) 4418
942 ## - ADDED ENTRY ELEMENTS (KOHA)
Source of classification or shelving scheme Dewey Decimal Classification
Koha item type Books
Existencias
Withdrawn status Lost status Source of classification or shelving scheme Damaged status Not for loan Collection code Home library Current library Date acquired Source of acquisition Cost, normal purchase price Total Checkouts Full call number Barcode Date last seen Copy number Price effective from Koha item type
    Dewey Decimal Classification     Non-fiction Biblioteca Pública José María del Castillo y Rada Biblioteca Pública José María del Castillo y Rada 04/15/2018 Donación 0.00   328.37 / C718l1 430001633 05/16/2024 Ej.1 05/15/2020 Books